000 00705nam a2200229 4500
003 OSt
005 20240627010256.0
006 a
008 240627b |||||||| |||| 00| 0 eng d
020 _a9789715425735
040 _aDWCL-HMN lib.
_cOC
082 _aFil. 610.77 T253 2010
100 _aSana, Erlyn A.
245 _aTeaching and learning in the health sciences /
260 _aQuezon City :
_bThe University of the Philippines Press,
_cc2010.
300 _axviii,
_b463 p. : ill. ;
_c26 cm.
504 _aIncludes bibliographical references & index.
650 _a1. Medical education.
650 _a2. Medical sciences.
650 _a3. Health education.
942 _2ddc
_n0
_cBK - FIL
_kFil.
999 _c1437
_d1437